History Quiz

Random History or Clickable Quiz
Score 0/40 Timer 10:00
0 Plays Today
% Correct
1929
91.3%
Babe Ruth
89.8%
Jazz
89.7%
Bootleggers
89.7%
'Black Thursday'
87.2%
Assembly Line
87.2%
Detroit
85.4%
Dust Bowl
84.7%
18th Amendment
81.9%
Al Capone
80%
Charlie Chaplin
77.1%
Harry Houdini
76.8%
Flappers
76.7%
Scopes Trial
76.1%
Herbert Hoover
73.5%
NAACP
71.9%
Speakeasy
71.4%
Albert Einstein
67.8%
Scottsboro Boys
67.1%
Louis Armstrong
65.6%
% Correct
Harlem
65.3%
Installment Buying
65%
Harlan
62.5%
Ku Klux Klan
60.9%
Calvin Coolidge
57.4%
F. Scott Fitzgerald
57%
Charles Lindbergh
56.7%
Alfred Hitchcock
55.1%
Lost Generation
54.5%
Ernest Hemingway
50.3%
The Jazz Singer
49.6%
Kellog-Briand Pact
49.1%
Warren Harding
49%
Johnson-Reid Act
45.9%
William Jennings Bryan
45.2%
Red Grange
44.6%
Langston Hughes
40.1%
Clarence Darrow
38.8%
Marcus Garvey
37.8%
Aaron Douglas
35.1%
Remove Ads.
Support Sporcle.
Get the best of Sporcle when you Go Orange. This ad-free experience offers more features, more stats, and more fun while also helping to support Sporcle. Thank you for becoming a member.

You're not logged in!

Compare scores with friends on all Sporcle quizzes.
OR
Log In

Show Comments

Extras

Created Oct 28, 2013ReportNominate
Tags:Clickable Quiz, 1920, Event, Identify

Top Quizzes Today


Score Distribution

Your Account Isn't Verified!

In order to create a playlist on Sporcle, you need to verify the email address you used during registration. Go to your Sporcle Settings to finish the process.

Report this User

Report this user for behavior that violates our Community Guidelines.

Details: